000 00960nam a22002055i 4500
001 174005
003 ES-MaACL
005 20251003185628.0
008 100205s1846 sp |||| | spa d
100 1 _aDumas, Alexandre,
_d1802-1870
_eaut
_9241135
245 1 3 _aLa hija del regente
_b: comedia en francés /
_cpor Alejandro Dumas ; y arreglada a la escena española por Isidoro Gil y Ramón de Navarrete.
260 _aMadrid :
_b[Manuel Delgado],
_c1846 (
_fImp. de José Repullés)
300 _a70 p. ;
_c17 cm.
500 _aEn port.: Representada por primera vez en el teatro del Príncipe el 20 de junio de 1846.
700 1 _aGil y Baus, Isidoro,
_d1814-1866
_956736
700 1 _aNavarrete, Ramón de,
_d1818-1897
_985042
852 _aES-MaACL
_jF-8642(6)
_z.- Enc. holandesa
_q.- Falto de la cub. original
_z.- Enc. en un vol. facticio formando parte de la col. facticia "Teatro español moderno" v. 99
942 _2udc
999 _c174005
_d174005